000 00603nam a2200181 i 4500
001 96715
003 ES-MaACL
005 20230906181950.0
007 t|
008 050630s1941 sp ||||1| spa d
080 _a339.9
100 1 _aMallart y Cutó, José.
_975793
245 1 3 _aLa organización económica internacional y el problema de la paz :
_bmemoria /
_cpor D. José Mallart y Cutó.
260 _aMadrid :
_b[s.n.],
_c1941 (
_fSobrinos de la Suc. de M. Minuesa de los Ríos)
300 _a288 p. ;
_c26 cm.
650 4 _aEconomía internacional-
_yS.XX.
_912032
852 4 _aES-MaACL
_jF-15324
999 _c96715
_d96715